[Event "Unterfranken-ch HB 58th"]
[Site "Wuerzburg"]
[Date "2007.04.13"]
[Round "8"]
[White "Biskopp, Wolf Ulrich"]
[Black "Bott, Andreas"]
[Result "1/2-1/2"]
[WhiteElo "1483"]
[BlackElo "1049"]
[PlyCount "47"]
[EventDate "2007.04.09"]
[EventType "swiss"]
[EventRounds "9"]
[EventCountry "GER"]
[SourceTitle "EXT 2015"]
[Source "ChessBase"]
[SourceDate "2014.11.20"]
[SourceVersion "1"]
[SourceVersionDate "2014.11.20"]
[SourceQuality "1"]

1. d4 d5 2. c4 c6 3. cxd5 cxd5 4. Nc3 Nf6 5. Bf4 Bf5 6. Qb3 Qd7 7. Nf3 e6 8. Ne5 Qc7 9. Ng6 Qd7 10. Nxh8 Bd6 11. Rc1 Bxf4 12. e3 Bh6 13. Nb5 Nc6 14. Nxf7 Qxf7 15. Nd6+ Ke7 16. Nxb7 Rb8 17. Rxc6 Qe8 18. Rc7+ Nd7 19. Qb4+ Kf7 20. Rc8 Qe7 21. Nd6+ Kg6 22. Qa4 Qxd6 23. Rxb8 Nxb8 24. Qe8+ 1/2-1/2

[Event "Unterfranken-ch HB 58th"]
[Site "Wuerzburg"]
[Date "2007.04.13"]
[Round "7"]
[White "Link, Fabian"]
[Black "Bott, Andreas"]
[Result "1-0"]
[WhiteElo "1430"]
[BlackElo "1049"]
[PlyCount "33"]
[EventDate "2007.04.09"]
[EventType "swiss"]
[EventRounds "9"]
[EventCountry "GER"]
[SourceTitle "EXT 2015"]
[Source "ChessBase"]
[SourceDate "2014.11.20"]
[SourceVersion "1"]
[SourceVersionDate "2014.11.20"]
[SourceQuality "1"]

1. c4 b6 2. d4 c5 3. d5 e6 4. e4 exd5 5. exd5 Ne7 6. b3 Ba6 7. Nf3 b5 8. Nbd2 bxc4 9. bxc4 d6 10. Bd3 Nf5 11. Bxf5 g6 12. Bb2 Rg8 13. Bc2 Bg7 14. Rb1 Qe7+ 15. Qe2 Bf6 16. Bxf6 Nd7 17. Qxe7# 1-0